Wird geladen...

Handbook of plastic optics

Bibliographische Detailangaben
1. Verfasser: Stefan Baumer
Weitere Verfasser: Bäumer, Stefan
Format: Printed Book
Veröffentlicht: Weinheim : Wiley-VCH, c2005.
Schlagworte:
Online Zugang:http://www.loc.gov/catdir/toc/fy0614/2006436549.html
http://www.loc.gov/catdir/enhancements/fy0653/2006436549-b.html
http://www.loc.gov/catdir/enhancements/fy0653/2006436549-d.html
LEADER 00764cam a22002057a 4500
020 |a 3527404244 
020 |a 9783527404247 
082 0 4 |a 621.3692 
100 |a Stefan Baumer 
245 0 0 |a Handbook of plastic optics  
260 |a Weinheim :  |b Wiley-VCH,  |c c2005. 
300 |a x, 189 p. :  |b ill. (some col.) ; 
650 0 |a Plastic optical fibers. 
700 1 |a Bäumer, Stefan, 
856 4 1 |u http://www.loc.gov/catdir/toc/fy0614/2006436549.html 
856 4 2 |u http://www.loc.gov/catdir/enhancements/fy0653/2006436549-b.html 
856 4 2 |u http://www.loc.gov/catdir/enhancements/fy0653/2006436549-d.html 
942 |c BK 
999 |c 106590  |d 106590 
952 |0 0  |1 0  |4 0  |6 621_360000000000000_P05  |7 0  |9 101346  |a SCS  |b SCS  |d 2014-07-01  |l 0  |o 621.36 P05  |p SCS02850  |r 2014-07-01  |w 2014-07-01  |y BK